000 00619nam a2200181Ia 4500
003 GCL
008 140319s9999 xx 000 0 ara d
040 _aGCL /
_cGCL
082 0 4 _a810.9964
_bع ن
100 1 _aعبدالله كنون الحسينى
245 1 0 _aالنبوغ المغربى فى الادب العربى ج2 /
_cعبدالله كنون الحسينى
260 _a[S.N] :
_bمكتبة المدرسة ودار الكتاب اللبنانى ،
_c1975
300 _a693 ص
490 _a
650 0 4 _aالادب العربى
650 0 4 _aالادب العربى - المغرب
942 _2ddc
_cBK
999 _c34822
_d34822